Organic structural spectroscopy / (رقم التسجيلة. 30453)
[ عرض عادي ]
| 000 -الفاتح | |
|---|---|
| حقل البيانات ثابتة الطول | 00853cam a2200277 a 4500 |
| 001 - رقم الضبط | |
| رقم الضبط | 16379221 |
| 003 - محدد رقم الضبط | |
| رقم الضبط | OSt |
| 005 - وقت وتاريخ اخر تعامل مع التسجيلة | |
| رقم الضبط | 20150408114137.0 |
| 008 - عناصر البيانات ثابتة الطول - معلومات عامة | |
| حقل البيانات ثابتة الطول | 100806s2011 njua b 001 0 eng |
| 010 ## - رقم ضبط مكتبة الكونجرس | |
| رقم ضبط مكتبة الكونجرس | 2010031837 |
| 020 ## - الرقم الدولى المعيارى للكتب | |
| الرقم الدولى المعيارى للكتاب | 9780321640062 (alk. paper) |
| 020 ## - الرقم الدولى المعيارى للكتب | |
| الرقم الدولى المعيارى للكتاب | 0321592565 (alk. paper) |
| 035 ## - رقم ضبط النظام | |
| رقم ضبط النظام | (OCoLC)ocn653842778 |
| 040 ## - مصدر الفهرسة | |
| وكالة الفهرسة الأصلية | Ma-Un |
| 050 00 - رقم طلب مكتبة الكونجرس | |
| رقم التصنيف | QD272.S6 |
| رقم المادة | O74 2011 |
| 082 00 - رقم تصنيف ديوى العشرى | |
| رقم التصنيف | 543.5 |
| رقم الطبعة | 22 |
| 245 00 - بيان العنوان | |
| العنوان | Organic structural spectroscopy / |
| بيان المسئوليه,etc | Joseph B. Lambert ... [et al.]. |
| 250 ## - بيان الطبعة | |
| بيان الطبعة | 2nd ed. |
| 260 ## - PUBLICATION, DISTRIBUTION, ETC. (IMPRINT) | |
| مكان الناشر او الموزع | Upper Saddle River, N.J. : |
| اسم الناشر او الموزع | Pearson Prentice Hall, |
| تاريخ النشر أو التوزيع | c2011. |
| 300 ## - الوصف المادى | |
| التعداد | xiii, 533 p. : |
| تفاصيل ماديه اخرى للوعاء | ill. ; |
| أبعاد الوعاء | 29 cm. |
| 504 ## - تبصرة ببليوجرافية | |
| تبصرة ببليوجرافية,الخ | Includes bibliographical references and index. |
| 650 #0 - المدخل الاضافى بالموضوع-مصطلح موضوعى | |
| مصطلح موضوعي أو اسم جغرافي كعنصر مدخل | Organic compounds |
| التقسيم الفرعي العام | Analysis. |
| 9 (RLIN) | 19425 |
| 650 #0 - المدخل الاضافى بالموضوع-مصطلح موضوعى | |
| مصطلح موضوعي أو اسم جغرافي كعنصر مدخل | Spectrum analysis. |
| 700 1# - المدخل الاضافى - اسم شخصى | |
| الإسم الشخصى | Lambert, Joseph B. |
| 9 (RLIN) | 19427 |
| 942 ## - عناصر المدخل الإضافي( كوها) | |
| مصدر التصنيف او مخطط الترفيف | Dewey Decimal Classification |
| Koha [default] item type | كتاب |
| حالة الفقد | نموذج السعر الفعال | حالة تلف | ليس للاعارة | رقم الطلب | رقم النسخة | تاريخ الاكتساب | الموقع الحالي | الباركود | الفرع الرئيسي | Date last checked out | Date last seen | مُعار | نوع المادة فى نظام كوها | مصدر التصنيف او خطة الترفيف | Total Checkouts |
|---|---|---|---|---|---|---|---|---|---|---|---|---|---|---|---|
| 2013-08-23 | 543.5 ORS | 1 | 2013-08-23 | المكتبة المركزية بالمجمعة (CL) | 00450802 | المكتبة المركزية بالمجمعة (CL) | 2013-08-23 | كتاب | Dewey Decimal Classification | ||||||
| 2013-08-23 | 543.5 ORS | 2 | 2013-08-23 | المكتبة المركزية بالمجمعة (CL) | 00450801 | المكتبة المركزية بالمجمعة (CL) | 2013-08-23 | كتاب | Dewey Decimal Classification | ||||||
| 2013-08-23 | Not For Loan | 543.5 ORS | 3 | 2013-08-23 | المكتبة المركزية بالمجمعة (CL) | 00450804 | المكتبة المركزية بالمجمعة (CL) | 2013-08-23 | كتاب | Dewey Decimal Classification | |||||
| 2013-08-21 | 543.5 ORS | 1 | 2013-08-21 | مكتبة كلية التربية بالزلفى - طالبات (EZF) | 00450803 | مكتبة مجمع الكليات بالزلفى - طلاب (SZM) | 2018-12-25 | 2018-12-25 | 2019-03-25 | كتاب | Dewey Decimal Classification | 1 | |||
| 2013-08-21 | 543.5 ORS | 2 | 2013-08-21 | مكتبة مجمع الكليات بالزلفى - طلاب (SZM) | 00450806 | مكتبة مجمع الكليات بالزلفى - طلاب (SZM) | 2013-08-21 | كتاب | Dewey Decimal Classification | ||||||
| 2013-08-21 | Not For Loan | 543.5 ORS | 3 | 2013-08-21 | مكتبة مجمع الكليات بالزلفى - طلاب (SZM) | 00450805 | مكتبة مجمع الكليات بالزلفى - طلاب (SZM) | 2013-08-21 | كتاب | Dewey Decimal Classification |
